000 00478nam a22000977a 4500
008 150617b xxu||||| |||| 00| 0 eng d
010 _8HCACF:132b
245 _aHIGH COURT ADOPTION CAUSE NO.164 OF 2011 IN THE MATTER OF TEDDY NAKAWESA ,LETICIA NAMANDA AND BEN KATONGOLE(MINORS) AND IN THE MATTER OF AN APPLICATION BY NANFUKA HARRIET AND ABBEY KIKONYOGO TO ADOPT TEDDY NAKAWESA ,LETICIA NAMANDA AND BEN KATONGOLE
260 _aHigh Court Kampala
500 _3BEFORE:Justice E.S.Lugayizi
999 _c6347
_d6347